000 01181nac a22003251i 4500
003 EG-ScBUE
005 20241030144739.0
008 101125t2011 maua f b 001 0 eng d
020 _a9780538735902
020 _a0538735902
040 _aEG-ScBUE
_beng
_erda
_cEG-ScBUE
_dEG-ScBUE
082 0 4 _a519.202462
_bSCH
_222
100 1 _aScheaffer, Richard L.,
_eauthor.
_921281
245 1 0 _aProbability and Statistics for Engineers /
_cRichard L. Scheaffer, University of Florida, Madhuri S. Mulekar, University of South Alabama, James T. McClave, Infotech, Inc.
250 _aFifth edition.
250 _aInternational edition.
264 1 _aBoston, MA :
_bBrooks/ Cole,
_c[2011]
264 4 _cc2011
300 _axv, 818 pages :
_billustrations ;
_c35 cm
336 _2rdacontent
_atext
_btxt
337 _aunmediated
_2rdamedia
_bn
338 _avolume
_bnc
_2rdacarrier
504 _aIncludes bibliographical references and index.
650 7 _aStatistics.
_2BUEsh
_921282
650 7 _aProbabilities.
_2BUEsh
_921283
655 _vReading book
700 1 _aMulekar, Madhuri S,
_eauthor.
_921284
700 1 _aMcClave, James T.,
_eauthor.
_921285
942 _cBB
_2ddc
999 _c14843
_d14843